[Event "Warsaw YMCA Summer-B 108th"]
[Site "Warsaw"]
[Date "2012.07.13"]
[Round "2"]
[White "Rodak, Przemyslaw"]
[Black "Wrabel, Antoni"]
[Result "1/2-1/2"]
[WhiteElo "1614"]
[BlackElo "1683"]
[PlyCount "38"]
[EventDate "2012.07.10"]
[EventType "tourn"]
[EventRounds "11"]
[EventCountry "POL"]
[SourceTitle "EXT 2019"]
[Source "ChessBase"]
[SourceDate "2018.10.10"]
[SourceVersion "1"]
[SourceVersionDate "2018.10.10"]
[SourceQuality "1"]

1. d4 Nf6 2. c4 e6 3. Nc3 d5 4. Nf3 Be7 5. e3 0-0 6. Bd3 b6 7. 0-0 Bb7 8. b3 Nbd7 9. Bb2 c5 10. Rc1 Rc8 11. cxd5 exd5 12. dxc5 Nxc5 13. Bf5 Rb8 14. Re1 g6 15. Bh3 Nfe4 16. b4 Nxc3 17. Bxc3 Ne4 18. a3 Nxc3 19. Rxc3 f5 1/2-1/2